02740cam a2200313 a 450000100090000000300040000900500170001300800410003001000170007102000300008803500200011804000300013804200080016805000180017606000100019408200170020424501090022125000140033026000550034430000360039950400510043550518030048665000200228965000280230965000210233765000220235865000250238070000210240516989413OSt20231101162334.0111003s2012 mau b 001 0 eng  a 2011041301 a9780763765705 (pbk.) (5e) a(DNLM)101570471 aWIUC - GHcWIUC - GHdDLC apcc00aRT84.5b.P53 10aWY 8600a610.730122300aPhilosophical and theoretical perspectives for advanced nursing practice. / [edited by]cWilliam K, Cody a5th ed. / aBurlington, MA :bJones & Bartlett Learning,c2013 axvi, 397 p. ;c23 cm.bindex, : aIncludes bibliographical references and index. aContents: Value-based practice and evidence-based care: pursuing fundamental questions in nursing philosophy and theory -- Structuring nursing knowledge: a priority for creating nursing's future -- Fundamental patterns of knowing in nursing -- The state of nursing science: hallmarks of the 20th and 21st centuries -- What constitutes nursing science? -- Nursing theory-guided practice: what is it and what it is not -- A practice discipline that's here and now -- Nursing: the ontology of the discipline -- Philosophical position on nature of human beings foundational to Orem's self-care deficit nursing theory -- Reframing outcomes: enhancing personhood -- Expressing health through lifestyle patterns -- Healing as appreciating wholeness -- Thinking upstream: nurturing a conceptual understanding of the societal context of health behavior -- Environmental paradigms: moving toward an ecocentric perspective -- A dialectical examination of nursing art -- A conceptual framework for person-centered practice with older people -- Relational practice and nursing obligations -- Nursing knowledge and human science: ontological and epistemological considerations -- Professionalism and the evolution of nursing as a discipline -- Rapture and suffering with technology in nursing -- Exploring an alternative metaphor for nursing -- Nursing science in the global community -- Nursing practice with aboriginal communities: expanding world views --Optimizing nursing care by integrating theory-driven evidence-based practice -- On nursing theories and evidence -- Evidence-based practice: critique and alternative view -- Theory-based advanced nursing practice -- What will count as evidence in the year 2050? -- An ontological view of advanced practice nursing -- The nurse scholar of the 21st century12aNursing Theory.22aEvidence-Based Nursing.22aNursingxtrends.22aNursing Research.22aPhilosophy, Nursing.1 aCody, William K.